000 00568nam a2200229Ia 4500
003 OSt
005 20220924152356.0
006 a|||||r|||| 00| 0
007 ta
008 220923b |||||||| |||| 00| 0 mar d
024 _a342247
037 _cTextual
040 _aARTS
_cARTS
_bmar
041 _2mar
_amar
082 _aQ2:26, 55F3
100 _aPangarkar L.R.
_9226517
245 0 _aMumuksutil nivadak nibandha
260 _c1923
650 _aRELIGION
942 _hQ2:26, 55F3
_cTEXL
_2CC
999 _c469634
_d469634